| 000 | 00000nam##2200000za#4500 |
| 001 | 9.642255 |
| 003 | CaOODSP |
| 005 | 20210624223618 |
| 007 | cr ||||||||||| |
| 008 | 150407|1971||||xxc|||||o f|0| 0 fre|d |
| 040 | |aCaOODSP|bfre |
| 043 | |an-cn--- |
| 086 | 1 |aA73-1356/197F-PDF |
| 110 | 1 |aCanada.|bAgriculture Canada. |bDirection de l'économie. |
| 245 | 10|aAspects économiques de la production bovine / |h[ressource électronique]|c[par] I.F. Furniss et V.W. Yorgason. |
| 260 | |aOttawa - Ontario : |bAgriculture Canada. |cc1971 (réimprimé 1972). |
| 300 | |a40p.|bgraphique, ill., tableaux |
| 500 | |aPublication historique numérisée par Agriculture et Agroalimentaire Canada. Éd. originale : 1969. |
| 504 | |aBibliographie. |
| 590 | |a13-17-Supp|b2013-07-25 |
| 691 | 07|aBovin|2gcpds |
| 691 | 07|aÉconomie agricole|2gcpds |
| 775 | 08|tThe economics of beef production / |w(CaOODSP)9.697430 |
| 856 | 40|ahttp://publications.gc.ca|qPDF|s2.46 Mo|uhttps://publications.gc.ca/collections/collection_2013/aac-aafc/agrhist/A73-1356-1972-fra.pdf |
| 986 | |a1356 |